000 00800nam a22002175i 4500
001 172810
003 ES-MaACL
005 20230906215036.0
008 090910s2002 sp |||| | spa d
080 _a17
080 _a1 Spinoza, Benedictus de
100 1 _aDomínguez, Atilano.
_945153
245 1 3 _aEl Dios de Spinoza y la coherencia entre la primera y la quinta parte de la "Etica" /
_cAtilano Domínguez.
260 _aCiudad Real :
_bSeminario Spinoza, Departamento de Filosofía,
_c2002.
300 _a26 p. ;
_c22 cm.
490 1 _aCuadernos del Seminario Spinoza ;
_v14
600 1 4 _aSpinoza, Benedictus de-
_xCrítica e interpretación.
_9107753
830 0 _aCuadernos del Seminario Spinoza ;
_v14
_9189168
852 _aES-MaACL
_j2300-F-23
_9R.145215
999 _c172810
_d172810